Effectif Belgique Coupe du Monde 2022 - Statistiques

Statistiques générales
  • Ce quiz a été pris 347 fois
    345 depuis la dernière actualisation
  • Le résultat moyen est 21 sur 27
Statistiques - réponses
POSTE CLUB NUMERO JOUEUR % Correct
G Real Madrid 1 Thibaut Courtois
100%
MIL Manchester City 7 Kevin De Bruyne
97%
ATT Real Madrid 10 Eden Hazard
96%
ATT Inter Milan 9 Romelu Lukaku
96%
MIL Borussia Dortmund 16 Thorgan Hazard
95%
MIL Atlético Madrid 6 Axel Witsel
91%
MIL Atlético Madrid 11 Yannick Carrasco
88%
ATT Stade Rennais 25 Jérémy Doku
87%
ATT RC Lens 24 Loïs Openda
87%
DEF Borussia Dortmund 15 Thomas Meunier
87%
G Club Bruges 12 Simon Mignolet
85%
MIL Leicester City 8 Youri Tielemans
82%
DEF RSC Anderlecht 5 Jan Vertonghen
79%
G Wolfsburg 13 Koen Casteels
79%
ATT Galatasaray 14 Dries Mertens
78%
ATT Brighton 17 Leandro Trossard
77%
DEF Stade Rennais 3 Arthur Theate
76%
DEF Royal Antwerp 2 Toby Alderweireld
73%
DEF Leicester City 4 Wout Faes
73%
MIL Everton 18 Amadou Onana
72%
DEF Leicester City 21 Timothy Castagne
72%
COACH - - Roberto Martinez
71%
ATT Fenebahce 23 Michy Batshuayi
67%
MIL Club Bruges 20 Hans Vanaken
62%
ATT AC Milan 22 Charles De Ketelaere
59%
DEF RSC Anderlecht 26 Zeno Debast
47%
MIL Aston Villa 19 Leander Dendoncker
44%
Aucun quiz correspondant
Distribution des résultats
% des personnes avec chaque résultat
Percentile par nombre de réponses
Votre historique - résultats
Vous n’avez pas pris ce quiz depuis la dernière actualisation